| 000 | 00798nam a2200205 a 4500 | ||
|---|---|---|---|
| 001 | 000041633 | ||
| 005 | 20201002035658.0 | ||
| 008 | 131014s2005 sp ac 000 0 spa d | ||
| 020 | _a8400083490 | ||
| 040 |
_aDO-SdBNP _bspa _cBNPHU |
||
| 082 |
_axxx _bA473m |
||
| 100 | 1 |
_aGirón Sierra, Álvaro _968419 |
|
| 245 | 1 | 0 |
_aEn la mesa con Darwin : _bevolución y revolución en el movimiento libertario en España (1869-1914) / _cÁlvaro Girón Sierra. |
| 260 |
_aMadrid : _bC. S. I. C., _c2005. |
||
| 300 |
_a450 p. : _bil., retrs. ; _c22 cm. |
||
| 490 | 1 |
_aEstudios sobre la ciencia _v40 |
|
| 500 | _aIncluye referencias bibliográficas y notas al pie de las páginas. | ||
| 710 | 2 |
_aConsejo Superior de Investigaciones Científicas (España) _915178 |
|
| 830 | 0 |
_aEstudios sobre la ciencia _n40 _968420 |
|
| 999 |
_c41123 _d41123 |
||